| 000 | 01139pam a2200301 a 4500 | ||
|---|---|---|---|
| 001 | 1105376 | ||
| 003 | GBCCL | ||
| 005 | 20241126110431.0 | ||
| 008 | 930720s1993 txu b 001 0 eng | ||
| 010 | _a 93005935 | ||
| 020 |
_a0849909724 : _c$19.99 ($25.99 Can.) |
||
| 040 |
_aDLC _cDLC _dDLC |
||
| 043 | _an-us--- | ||
| 050 | 0 | 0 |
_aE885 _b.R63 1993 |
| 082 | 0 | 0 |
_a320.973 _220 _bROB |
| 100 | 1 |
_aRobertson, Pat. _94754 |
|
| 245 | 1 | 4 |
_aThe turning tide / _cPat Robertson. |
| 260 |
_aDallas : _bWord Pub., _cc1993. |
||
| 300 |
_a336 p. ; _c25 cm. |
||
| 504 | _aIncludes bibliographical references (p. 329-331) and index. | ||
| 650 | 0 |
_aLiberalism _zUnited States _xHistory _y20th century. _95319 |
|
| 650 | 0 |
_aConservatism _zUnited States _xHistory _y20th century. _94758 |
|
| 651 | 0 |
_aUnited States _xPolitics and government _y1993-2001. _94694 |
|
| 651 | 0 |
_aUnited States _xPolitics and government _y1989-1993. _95320 |
|
| 906 |
_a7 _bcbc _corignew _d1 _eocip _f19 _gy-gencatlg |
||
| 942 |
_2ddc _cBK |
||
| 999 |
_c2550 _d2550 |
||